[Event "Villa Ballester op 73rd"]
[Site "Buenos Aires"]
[Date "2024.01.20"]
[Round "2"]
[White "Zarate, Cristian"]
[Black "Gras, Carlos"]
[Result "1-0"]
[WhiteElo "2006"]
[BlackElo "1794"]
[PlyCount "97"]
[EventDate "2024.01.19"]
[EventType "swiss"]
[EventRounds "9"]
[EventCountry "ARG"]
[SourceTitle "CB06_2024"]
[SourceDate "2024.02.07"]
[SourceVersion "1"]
[SourceVersionDate "2024.02.07"]
[SourceQuality "1"]

1. c4 Nf6 2. g3 d5 3. cxd5 Nxd5 4. Bg2 e5 5. Nc3 Nxc3 6. bxc3 Bc5 7. Nf3 Nc6 8. Qa4 0-0 9. 0-0 Re8 10. d3 Bd7 11. Ng5 Be7 12. h4 Bxg5 13. Bxg5 f6 14. Be3 Nd4 15. Qd1 Nf5 16. Bc5 Bc6 17. Bxc6 bxc6 18. Qb3+ Qd5 19. e4 Qxb3 20. axb3 Nd6 21. Bxd6 cxd6 22. Ra6 Rec8 23. Rfa1 Rc7 24. f4 Kf7 25. Kf2 h5 26. Ke3 Ke7 27. d4 exd4+ 28. Kxd4 Ke6 29. b4 f5 30. R1a5 g6 31. e5 dxe5+ 32. Rxe5+ Kd6 33. b5 Kd7 34. bxc6+ Rxc6 35. Rd5+ Kc7 36. Rc5 Rd8+ 37. Kc4 Rdd6 38. Rxa7+ Kb6 39. Raa5 Re6 40. Rab5+ Kc7 41. Rxc6+ Kxc6 42. Re5 Rd6 43. Re7 Kb6 44. Kb4 Kc6 45. c4 Rf6 46. c5 Kd5 47. Kb5 Rf8 48. Re5+ Kd4 49. c6 1-0

[Event "ARG-ch sf 98th"]
[Site "Buenos Aires"]
[Date "2023.04.29"]
[Round "1"]
[White "Gimenez Aguirre, Ismael Alejo"]
[Black "Gras, Carlos"]
[Result "1-0"]
[WhiteElo "2273"]
[BlackElo "1817"]
[PlyCount "41"]
[EventDate "2023.04.29"]
[EventType "swiss"]
[EventRounds "9"]
[EventCountry "ARG"]
[SourceTitle "CBM 214 Extra"]
[Source "ChessBase"]
[SourceDate "2023.07.31"]
[SourceVersion "1"]
[SourceVersionDate "2023.07.31"]
[SourceQuality "1"]

1. e4 d5 2. exd5 Nf6 3. Nc3 Nxd5 4. Bc4 Nb6 5. Bb3 c5 6. Qe2 Nc6 7. Nf3 e6 8. Ne4 Be7 9. c3 Nd5 10. 0-0 Nf4 11. Qe3 Nd3 12. Bc2 Nxc1 13. Raxc1 Qb6 14. b3 Bd7 15. h4 h6 16. Rfd1 f5 17. Ng3 0-0-0 18. Nh5 Rhg8 19. Nf4 e5 20. Nd5 Qa5 21. Nxe5 1-0

[Event "Vicente Lopez ProAm 100 Years op"]
[Site "Buenos Aires"]
[Date "2022.10.15"]
[Round "5"]
[White "Gras, Carlos"]
[Black "Hora, Manuel"]
[Result "0-1"]
[WhiteElo "1799"]
[BlackElo "1552"]
[PlyCount "72"]
[EventDate "2022.10.11"]
[EventType "swiss"]
[EventRounds "9"]
[EventCountry "ARG"]
[SourceTitle "CBM 210 Extra"]
[Source "ChessBase"]
[SourceDate "2022.11.30"]
[SourceVersion "1"]
[SourceVersionDate "2022.11.30"]
[SourceQuality "1"]

1. d4 d5 2. c4 e6 3. Nc3 Nf6 4. cxd5 exd5 5. Bg5 c6 6. e3 Bd6 7. Bd3 0-0 8. Qc2 h6 9. h4 Re8 10. Bh7+ Kf8 11. Bf5 Bxf5 12. Qxf5 Qd7 13. Qf3 hxg5 14. hxg5 Ng8 15. Nge2 Qe6 16. Rh8 Ke7 17. 0-0-0 Kd7 18. Rh7 Qg6 19. Rdh1 Na6 20. R7h4 f5 21. Nf4 Qxg5 22. Nfxd5 Nc7 23. Nxc7 Kxc7 24. d5 Nf6 25. dxc6 bxc6 26. Rc4 Ne4 27. Rh5 Qg6 28. Rxf5 Nxc3 29. Qxc6+ Kd8 30. Qxa8+ Ke7 31. Qb7+ Ke6 32. Rxc3 Qxf5 33. Qxg7 Qxf2 34. Qg4+ Qf5 35. Qf3 Rf8 36. e4 Qg5+ 0-1

[Event "Vicente Lopez ProAm 100 Years op"]
[Site "Buenos Aires"]
[Date "2022.10.12"]
[Round "2"]
[White "Castro Salgado, Pablo Alonso"]
[Black "Gras, Carlos"]
[Result "1-0"]
[WhiteElo "2056"]
[BlackElo "1799"]
[PlyCount "57"]
[EventDate "2022.10.11"]
[EventType "swiss"]
[EventRounds "9"]
[EventCountry "ARG"]
[SourceTitle "CBM 210 Extra"]
[Source "ChessBase"]
[SourceDate "2022.11.30"]
[SourceVersion "1"]
[SourceVersionDate "2022.11.30"]
[SourceQuality "1"]

1. d4 Nf6 2. c4 g6 3. Nc3 Bg7 4. e4 d6 5. h3 0-0 6. Be3 c5 7. Nf3 cxd4 8. Nxd4 b6 9. Qd2 Bb7 10. f3 Nbd7 11. h4 Nh5 12. 0-0-0 Rc8 13. b3 a6 14. Kb1 b5 15. cxb5 axb5 16. Bxb5 Nc5 17. g4 Nf6 18. Rhe1 Nfxe4 19. fxe4 Bxe4+ 20. Kb2 Qa5 21. Nxe4 Qxb5 22. Bh6 Nxe4 23. Rxe4 Qb7 24. Bxg7 Rfe8 25. Rde1 Kxg7 26. Qg5 Qc7 27. Nf5+ Kg8 28. Rc4 Qa5 29. Nh6+ 1-0

[Event "ARG-ch sf 97th"]
[Site "Buenos Aires"]
[Date "2022.09.08"]
[Round "1"]
[White "Herrera, Martin"]
[Black "Gras, Carlos"]
[Result "1-0"]
[WhiteElo "2216"]
[BlackElo "1812"]
[PlyCount "109"]
[EventDate "2022.09.08"]
[EventType "swiss"]
[EventRounds "9"]
[EventCountry "ARG"]
[SourceTitle "CBM 210 Extra"]
[Source "ChessBase"]
[SourceDate "2022.11.30"]
[SourceVersion "1"]
[SourceVersionDate "2022.11.30"]
[SourceQuality "1"]

1. d4 Nf6 2. Nf3 g6 3. c4 Bg7 4. Nc3 d5 5. Qb3 dxc4 6. Qxc4 0-0 7. e4 a6 8. Qb3 c5 9. dxc5 Nc6 10. Be2 Nd7 11. Be3 Qa5 12. 0-0 Nxc5 13. Qc4 Nd7 14. a3 Nce5 15. Nxe5 Nxe5 16. Qc5 Nc6 17. Nd5 Qxc5 18. Bxc5 Bxb2 19. Rab1 Bd4 20. Rfc1 Bxc5 21. Rxc5 Ra7 22. Nb6 Be6 23. Rd1 Kg7 24. f4 f5 25. e5 Kf7 26. Kf2 Rd8 27. Rxd8 Nxd8 28. Ke3 Nc6 29. h4 Ke8 30. a4 Kd8 31. a5 Kc7 32. h5 Ba2 33. g4 e6 34. g5 Kd8 35. h6 Ne7 36. Bf3 Bd5 37. Bxd5 Nxd5+ 38. Nxd5 exd5 39. Rxd5+ Ke7 40. Rc5 Kd7 41. Kd4 Ra8 42. Kd5 Re8 43. Rc4 Re7 44. Rb4 Kc7 45. e6 Kc8 46. Kd6 Kd8 47. Rc4 b5 48. axb6 Rb7 49. Kc6 Kc8 50. Rd4 Re7 51. Rd6 a5 52. Kb5 a4 53. Kxa4 Kb8 54. Kb5 Ka8 55. Kc6 1-0

[Event "Buenos Aires ProAm op 26th"]
[Site "Buenos Aires"]
[Date "2019.10.13"]
[Round "8"]
[White "Bruno, Gerardo"]
[Black "Gras, Carlos"]
[Result "1/2-1/2"]
[WhiteElo "1682"]
[BlackElo "1929"]
[PlyCount "107"]
[EventDate "2019.10.06"]
[EventType "team-swiss"]
[EventRounds "8"]
[EventCountry "ARG"]
[SourceTitle "CBM 192 Extra"]
[Source "Chessbase"]
[SourceDate "2019.11.06"]
[SourceVersion "1"]
[SourceVersionDate "2019.11.06"]
[SourceQuality "1"]

1. c4 Nf6 2. Nc3 d5 3. d4 g6 4. cxd5 Nxd5 5. Bd2 Nb6 6. e4 Qxd4 7. Nf3 Qd8 8. h3 Bg7 9. Rc1 0-0 10. Be2 Nc6 11. 0-0 Be6 12. b3 h6 13. Be3 Qxd1 14. Rfxd1 a6 15. Nd5 Bxd5 16. exd5 Nb4 17. Rxc7 N6xd5 18. Rxb7 Nxe3 19. fxe3 Nxa2 20. Bc4 Bf6 21. Rdd7 Nc3 22. Nd4 Ne4 23. Rdc7 Nd6 24. Ra7 Rxa7 25. Rxa7 Nxc4 26. bxc4 Rc8 27. Rxa6 Rxc4 28. Nf3 Rc3 29. Kf2 Rc2+ 30. Kf1 Kg7 31. Ra3 e6 32. Rd3 e5 33. e4 Rc4 34. Re3 Kf8 35. Ke2 Rc2+ 36. Kf1 Ke7 37. Rd3 Ke6 38. Rd1 Rc4 39. Re1 Be7 40. Kg1 Bc5+ 41. Kh2 f6 42. Re2 h5 43. h4 Bf8 44. g3 Bh6 45. Kg2 g5 46. hxg5 fxg5 47. Ra2 Rc6 48. Ra5 Rc2+ 49. Kf1 Bg7 50. Ra6+ Ke7 51. Nxg5 Rd2 52. Re6+ Kf8 53. Rc6 Ra2 54. Ne6+ 1/2-1/2

[Event "Buenos Aires Szmetan Giardelli op"]
[Site "Buenos Aires"]
[Date "2018.12.12"]
[Round "9"]
[White "Fiorito, Francisco"]
[Black "Gras, Carlos"]
[Result "1/2-1/2"]
[WhiteElo "1469"]
[BlackElo "1897"]
[PlyCount "40"]
[EventDate "2018.12.04"]
[EventType "swiss"]
[EventRounds "9"]
[EventCountry "ARG"]
[SourceTitle "CBM 187 Extra"]
[Source "ChessBase"]
[SourceDate "2018.11.04"]
[SourceVersion "1"]
[SourceVersionDate "2018.11.04"]
[SourceQuality "1"]

1. e4 e6 2. d4 d5 3. Nd2 c5 4. Ngf3 cxd4 5. Nxd4 Nc6 6. Nxc6 bxc6 7. exd5 cxd5 8. Nf3 Bd6 9. Bb5+ Bd7 10. Bxd7+ Qxd7 11. 0-0 Nf6 12. Re1 0-0 13. b3 Ne4 14. Bb2 f6 15. Nd2 Qc6 16. Nxe4 dxe4 17. Qg4 Qxc2 18. Qxe6+ Kh8 19. Qxd6 Qxb2 20. Qf4 Rfe8 1/2-1/2

[Event "Buenos Aires Szmetan Giardelli op"]
[Site "Buenos Aires"]
[Date "2018.12.07"]
[Round "4"]
[White "Ponzo, Fabian Alejandro"]
[Black "Gras, Carlos"]
[Result "1-0"]
[WhiteElo "2051"]
[BlackElo "1897"]
[PlyCount "79"]
[EventDate "2018.12.04"]
[EventType "swiss"]
[EventRounds "9"]
[EventCountry "ARG"]
[SourceTitle "CBM 187 Extra"]
[Source "ChessBase"]
[SourceDate "2018.11.04"]
[SourceVersion "1"]
[SourceVersionDate "2018.11.04"]
[SourceQuality "1"]

1. e4 e6 2. d3 d5 3. Nd2 c5 4. Ngf3 Nc6 5. g3 Nf6 6. Bg2 Be7 7. 0-0 0-0 8. Re1 b5 9. e5 Nd7 10. Nf1 Qc7 11. Bf4 a5 12. h4 c4 13. d4 b4 14. c3 a4 15. a3 bxc3 16. bxc3 Qa5 17. Re3 Rb8 18. Ng5 Rb3 19. Qh5 h6 20. Nh2 Rxc3 21. Ng4 hxg5 22. hxg5 Nxd4 23. Be4 Nf5 24. Bxf5 exf5 25. Kg2 d4 26. Rh1 Qd5+ 27. f3 Rc2+ 28. Nf2 Rxf2+ 29. Kxf2 dxe3+ 30. Bxe3 Qxf3+ 31. Qxf3 g6 32. Qd5 Nb8 33. Rh6 Kg7 34. Qh1 Rg8 35. Rh7+ Kf8 36. Qa8 Bxa3 37. Qxb8 Ke7 38. Qc7+ Bd7 39. Rxf7+ Kxf7 40. Qxd7+ 1-0

[Event "ARG-ch U2000"]
[Site "Tacuari"]
[Date "2018.11.17"]
[Round "4"]
[White "Gras, Carlos"]
[Black "Gonzalez, Fabian"]
[Result "1/2-1/2"]
[WhiteElo "1917"]
[BlackElo "1984"]
[PlyCount "55"]
[EventDate "2018.11.16"]
[EventType "swiss"]
[EventRounds "8"]
[EventCountry "ARG"]
[SourceTitle "EXT 2020"]
[Source "ChessBase"]
[SourceDate "2019.10.17"]
[SourceVersion "1"]
[SourceVersionDate "2019.10.17"]
[SourceQuality "1"]

1. Nf3 d5 2. g3 Nf6 3. Bg2 g6 4. 0-0 Bg7 5. d4 0-0 6. c4 c6 7. cxd5 cxd5 8. Nc3 Nc6 9. Bf4 Bf5 10. Ne5 Rc8 11. Nxc6 Rxc6 12. Be5 Ne4 13. Bxe4 Bxe4 14. Bxg7 Kxg7 15. Nxe4 dxe4 16. d5 Rd6 17. Qd4+ f6 18. Rfd1 e6 19. Qxe4 Rxd5 20. Rxd5 Qxd5 21. Qxd5 exd5 22. Rd1 Rd8 23. Kg2 Kf7 24. Kf3 Ke6 25. Rc1 Kd6 26. Ke3 Re8+ 27. Kd3 h5 28. Rc3 1/2-1/2

[Event "Villa Martelli ProAm op 24th"]
[Site "Villa Martelli"]
[Date "2017.10.07"]
[Round "8"]
[White "Gras, Carlos"]
[Black "Gomez Martinez, Juan Carlos"]
[Result "1-0"]
[WhiteElo "1908"]
[BlackElo "1643"]
[PlyCount "91"]
[EventDate "2017.10.01"]
[EventType "swiss"]
[EventRounds "9"]
[EventCountry "ARG"]
[SourceTitle "CBM 181 Extra"]
[Source "ChessBase"]
[SourceDate "2017.12.12"]
[SourceVersion "1"]
[SourceVersionDate "2017.12.12"]
[SourceQuality "1"]

1. Nf3 Nf6 2. g3 g6 3. Bg2 Bg7 4. 0-0 d6 5. d4 c6 6. c4 0-0 7. Nc3 Qa5 8. Qd2 Qh5 9. Qg5 Qxg5 10. Bxg5 Be6 11. b3 h6 12. Bd2 Bf5 13. Nh4 Bd7 14. e4 Na6 15. Rad1 Bg4 16. f3 g5 17. Nf5 Bxf5 18. exf5 Nb4 19. a3 Nc2 20. Ne2 c5 21. Bc1 cxd4 22. Nxd4 Nxd4 23. Rxd4 Nd7 24. Rdd1 Rac8 25. Rfe1 Bf6 26. f4 b6 27. Be3 Kg7 28. Kf2 Nc5 29. b4 Na4 30. Rc1 Bc3 31. Re2 Rxc4 32. Bd5 Rc7 33. Bb3 Nb2 34. Rxc3 Rxc3 35. Bd4+ e5 36. Bxc3 Nd3+ 37. Ke3 Nc1 38. Rb2 Rc8 39. Kd2 Ne2 40. Rc2 Nxc3 41. Rxc3 Rxc3 42. Kxc3 exf4 43. gxf4 gxf4 44. Kd4 Kf6 45. Ke4 Kg5 46. Bxf7 1-0

[Event "Villa Martelli ProAm op 24th"]
[Site "Villa Martelli"]
[Date "2017.10.02"]
[Round "3"]
[White "Mosconi, Ariel Oscar"]
[Black "Gras, Carlos"]
[Result "1-0"]
[WhiteElo "2077"]
[BlackElo "1908"]
[PlyCount "71"]
[EventDate "2017.10.01"]
[EventType "swiss"]
[EventRounds "9"]
[EventCountry "ARG"]
[SourceTitle "CBM 181 Extra"]
[Source "ChessBase"]
[SourceDate "2017.12.12"]
[SourceVersion "1"]
[SourceVersionDate "2017.12.12"]
[SourceQuality "1"]

1. c4 Nf6 2. Nc3 d5 3. cxd5 Nxd5 4. Nf3 g6 5. Qa4+ c6 6. Qd4 f6 7. e4 Nxc3 8. Qxc3 Qd6 9. Bc4 Be6 10. 0-0 Bxc4 11. Qxc4 Nd7 12. d4 e6 13. Bd2 Be7 14. a3 Nb6 15. Qe2 0-0 16. Rfe1 Rae8 17. Rac1 Qd7 18. h4 f5 19. Bh6 Rf7 20. Ne5 Qxd4 21. Nxf7 Kxf7 22. exf5 Bxh4 23. fxe6+ Kg8 24. Rcd1 Qc5 25. Be3 Qf5 26. Bxb6 axb6 27. Rd7 Be7 28. Rxb7 Kf8 29. b4 b5 30. Qe3 Qf6 31. Qe4 Qc3 32. g3 Bf6 33. Re3 Qc1+ 34. Kg2 Qc4 35. Qxc4 bxc4 36. Rf7+ 1-0

[Event "ARG-chT"]
[Site "Villa Martelli"]
[Date "2017.08.05"]
[Round "1.3"]
[White "Gras, Carlos"]
[Black "Corrales Jimenez, Zenia"]
[Result "0-1"]
[WhiteElo "1911"]
[BlackElo "2175"]
[PlyCount "66"]
[EventDate "2017.08.05"]
[EventType "team-swiss"]
[EventRounds "9"]
[EventCountry "ARG"]
[SourceTitle "CBM 180 Extra"]
[Source "ChessBase"]
[SourceDate "2017.10.06"]
[SourceVersion "1"]
[SourceVersionDate "2017.10.06"]
[SourceQuality "1"]
[WhiteTeam "Torre Blanca"]
[BlackTeam "Centro Univ CUV"]
[WhiteTeamCountry "ARG"]
[BlackTeamCountry "ARG"]

1. Nf3 g6 2. g3 Bg7 3. d4 d5 4. Bg2 Nf6 5. 0-0 0-0 6. c4 dxc4 7. Nc3 c6 8. Ne5 Be6 9. e4 Nbd7 10. Nxd7 Qxd7 11. Re1 Rad8 12. e5 Nd5 13. Ne4 Nb4 14. Nc5 Qc8 15. a3 Nd3 16. Nxd3 Rxd4 17. Qa4 Rxd3 18. Bg5 Qc7 19. Qxa7 Bxe5 20. Bxe7 Re8 21. Bc5 Bxb2 22. Rab1 c3 23. Qa4 Red8 24. Be3 Bf5 25. Bg5 R3d4 26. Bxd8 Qxd8 27. Rbd1 c2 28. Rxd4 Qxd4 29. Qa8+ Kg7 30. Qxb7 c1Q 31. Rxc1 Bxc1 32. Bxc6 Bh3 33. Qb3 Qd2 0-1

[Event "Villa Martelli zt 2.5"]
[Site "Villa Martelli"]
[Date "2017.05.06"]
[Round "7"]
[White "Allo, Esteban Manuel"]
[Black "Gras, Carlos"]
[Result "1/2-1/2"]
[WhiteElo "2013"]
[BlackElo "1935"]
[PlyCount "88"]
[EventDate "2017.04.30"]
[EventType "swiss"]
[EventRounds "9"]
[EventCountry "ARG"]
[SourceTitle "CBM 178 Extra"]
[Source "ChessBase"]
[SourceDate "2017.06.22"]
[SourceVersion "1"]
[SourceVersionDate "2017.06.22"]
[SourceQuality "1"]

1. e4 e6 2. d4 d5 3. Nc3 Bb4 4. exd5 exd5 5. Bd3 Nf6 6. Nge2 c5 7. dxc5 0-0 8. 0-0 Bxc5 9. Bg5 Kh8 10. Bxf6 Qxf6 11. Nxd5 Qh6 12. Ng3 Nc6 13. Qh5 Qxh5 14. Nxh5 Bg4 15. Ng3 Rad8 16. Ne3 Be6 17. Bf5 Bxf5 18. Ngxf5 g6 19. Nh4 Rd2 20. Nf3 Bxe3 21. Nxd2 Bxd2 22. Rfd1 Rd8 23. Kf1 Kg7 24. Ke2 Ba5 25. Rxd8 Nxd8 26. Rd1 Kf6 27. Rd5 Bb6 28. c4 Ke6 29. f3 Nc6 30. a3 Ne5 31. b3 Nc6 32. Rd3 Bd4 33. b4 Ke5 34. Rd2 f5 35. Kd3 f4 36. Kc2 Ne7 37. Kb3 Nf5 38. Ka4 Ne3 39. c5 Nc4 40. Re2+ Be3 41. Rc2 Kd4 42. Kb3 Nd2+ 43. Ka2 Nc4 44. Kb3 Nd2+ 1/2-1/2

[Event "Villa Martelli zt 2.5"]
[Site "Villa Martelli"]
[Date "2017.05.03"]
[Round "4"]
[White "Vergara Rozas, Jose Francisco"]
[Black "Gras, Carlos"]
[Result "1-0"]
[WhiteElo "2117"]
[BlackElo "1935"]
[PlyCount "61"]
[EventDate "2017.04.30"]
[EventType "swiss"]
[EventRounds "9"]
[EventCountry "ARG"]
[SourceTitle "CBM 178 Extra"]
[Source "ChessBase"]
[SourceDate "2017.06.22"]
[SourceVersion "1"]
[SourceVersionDate "2017.06.22"]
[SourceQuality "1"]

1. e4 d5 2. exd5 Qxd5 3. Nc3 Qa5 4. d4 Nf6 5. Bc4 c6 6. Nf3 Bg4 7. h3 Bxf3 8. Qxf3 e6 9. g4 Nbd7 10. Bd2 Qc7 11. g5 Nd5 12. Ne4 Bb4 13. c3 Be7 14. h4 Rf8 15. Qh5 0-0-0 16. Qxh7 g6 17. h5 N7b6 18. Bb3 gxh5 19. 0-0-0 Nf4 20. Kb1 Rh8 21. Qxf7 Rdf8 22. Bxe6+ Kb8 23. Bxf4 Qxf4 24. Qxf4+ Rxf4 25. Rde1 Nd5 26. g6 a5 27. Ng3 Rxf2 28. Rxh5 Rxh5 29. Nxh5 Nf6 30. g7 Bd6 31. Nxf6 1-0

[Event "Villa Martelli zt 2.5"]
[Site "Villa Martelli"]
[Date "2017.05.02"]
[Round "3"]
[White "Kapitanchuk, Tomas"]
[Black "Gras, Carlos"]
[Result "1-0"]
[WhiteElo "2160"]
[BlackElo "1935"]
[PlyCount "131"]
[EventDate "2017.04.30"]
[EventType "swiss"]
[EventRounds "9"]
[EventCountry "ARG"]
[SourceTitle "CBM 178 Extra"]
[Source "ChessBase"]
[SourceDate "2017.06.22"]
[SourceVersion "1"]
[SourceVersionDate "2017.06.22"]
[SourceQuality "1"]

1. e4 d5 2. exd5 Qxd5 3. Nc3 Qa5 4. d4 Nf6 5. Nf3 Bg4 6. h3 Bxf3 7. Qxf3 c6 8. Bd2 Qb6 9. d5 cxd5 10. Nxd5 Nxd5 11. Qxd5 Nc6 12. Qb5 Qxb5 13. Bxb5 a6 14. Bxc6+ bxc6 15. Ke2 e6 16. Rhd1 Bd6 17. Ba5 Ke7 18. Rd3 Rab8 19. b3 Rb5 20. Bc3 Ba3 21. Rad1 Rd5 22. Rg3 Rxd1 23. Kxd1 Rd8+ 24. Ke2 g6 25. Rg4 Bc5 26. Ra4 Ra8 27. f3 Kd7 28. Rh4 h5 29. Rf4 f5 30. Be5 Ke7 31. Rc4 Bd6 32. Bc3 Rc8 33. Ra4 Ra8 34. f4 Kd7 35. Rc4 Rb8 36. Ra4 Ra8 37. Kf3 c5 38. Bf6 Kc6 39. Rc4 Kb5 40. a4+ Kb6 41. Rc3 Rf8 42. Bg7 Rf7 43. Bh8 Rf8 44. Rd3 Kc6 45. Bb2 Be7 46. Re3 Kd7 47. Ba3 Rc8 48. Rc3 a5 49. Rc4 Kd6 50. Rc3 Bf6 51. Rd3+ Kc6 52. Ke2 Rd8 53. Re3 Rd6 54. Rg3 e5 55. Rxg6 exf4 56. Bc1 Be5 57. Rg5 Kd5 58. Kf3 Rf6 59. Rxh5 c4 60. Bxf4 Bc3 61. g4 cxb3 62. cxb3 Kc5 63. Rxf5+ Rxf5 64. gxf5 Kb4 65. Bd6+ Kxb3 66. Be7 1-0

[Event "Villa Martelli zt 2.5"]
[Site "Villa Martelli"]
[Date "2017.05.01"]
[Round "2"]
[White "Gras, Carlos"]
[Black "Scarella, Enrique Alejandro"]
[Result "0-1"]
[WhiteElo "1935"]
[BlackElo "2335"]
[PlyCount "140"]
[EventDate "2017.04.30"]
[EventType "swiss"]
[EventRounds "9"]
[EventCountry "ARG"]
[SourceTitle "CBM 178 Extra"]
[Source "ChessBase"]
[SourceDate "2017.06.22"]
[SourceVersion "1"]
[SourceVersionDate "2017.06.22"]
[SourceQuality "1"]

1. Nf3 c5 2. g3 d5 3. Bg2 g6 4. d4 Bg7 5. 0-0 Nf6 6. c4 dxc4 7. Qa4+ Nbd7 8. dxc5 0-0 9. Qxc4 Qc7 10. Na3 Qxc5 11. Qxc5 Nxc5 12. Be3 Nfe4 13. Nd4 Rd8 14. Rad1 Bd7 15. Nab5 e5 16. Nb3 Bxb5 17. Rxd8+ Rxd8 18. Nxc5 Nxc5 19. Bxc5 b6 20. Bb4 Bxe2 21. Re1 Bg4 22. f3 Be6 23. Bc3 e4 24. Bxg7 Kxg7 25. Rxe4 Rd1+ 26. Kf2 Rd2+ 27. Re2 Rxe2+ 28. Kxe2 Bxa2 29. f4 Kf6 30. Ke3 Ke6 31. Kd4 Kd6 32. g4 h6 33. h4 a5 34. Be4 b5 35. g5 hxg5 36. fxg5 b4 37. Bc2 Be6 38. Ba4 Bg4 39. Bb3 Be6 40. Bd1 Bd5 41. Ba4 Bc6 42. Bb3 Be8 43. Bd1 a4 44. h5 gxh5 45. Bxh5 b3 46. Be2 Bd7 47. Bd3 Be8 48. Bb1 Ke6 49. Bd3 Bc6 50. Bc4+ Ke7 51. Bd3 Bd7 52. Be4 Be6 53. Kc3 Kd6 54. Kd4 Bg4 55. Kc4 Ke5 56. Bh7 Bf5 57. Bg8 Be6+ 58. Kb4 Kf5 59. Bh7+ Kxg5 60. Kxa4 f5 61. Kb4 f4 62. Kc3 f3 63. Kd2 Kf4 64. Bd3 Bd5 65. Bf1 Ke4 66. Bd3+ Kd4 67. Bf1 Bc4 68. Bh3 f2 69. Kc1 Ke3 70. Kb1 Kf3 0-1

[Event "Villa Martelli ProAm op 23rd"]
[Site "Villa Martelli"]
[Date "2016.11.24"]
[Round "6"]
[White "Ruperez, Miguel Angel"]
[Black "Gras, Carlos"]
[Result "1/2-1/2"]
[WhiteElo "2201"]
[BlackElo "1898"]
[PlyCount "73"]
[EventDate "2016.11.20"]
[EventType "swiss"]
[EventRounds "9"]
[EventCountry "ARG"]
[SourceTitle "CBM 175 Extra"]
[Source "ChessBase"]
[SourceDate "2016.12.12"]
[SourceVersion "1"]
[SourceVersionDate "2016.12.12"]
[SourceQuality "1"]

1. d4 Nf6 2. c4 g6 3. Nc3 d5 4. cxd5 Nxd5 5. Bd2 Nb6 6. e3 Bg7 7. f4 0-0 8. Nf3 Nc6 9. Ne4 Qd5 10. Nc5 f5 11. Qb3 e6 12. Qxd5 Nxd5 13. Rc1 Nd8 14. b4 b6 15. Nb3 c6 16. Ne5 Bxe5 17. dxe5 Bd7 18. Bd3 g5 19. g3 Rb8 20. Kf2 Nb7 21. Rc2 c5 22. bxc5 bxc5 23. Nxc5 Nxc5 24. Rxc5 Rb2 25. Rc2 Rfb8 26. Bc1 Rb1 27. Re1 Nb4 28. Rd2 Nxd3+ 29. Rxd3 Bc6 30. Rc3 Bd5 31. Re2 g4 32. Rec2 Ra1 33. a3 Be4 34. Rc8+ Rxc8 35. Rxc8+ Kf7 36. Rc7+ Ke8 37. Bd2 1/2-1/2

[Event "ARG-ch sf"]
[Site "Vicente Lopez"]
[Date "2016.07.01"]
[Round "8"]
[White "Gras, Carlos"]
[Black "Suito Nakasone, Catherine"]
[Result "0-1"]
[WhiteElo "1941"]
[BlackElo "1814"]
[PlyCount "62"]
[EventDate "2016.06.25"]
[EventType "swiss"]
[EventRounds "9"]
[EventCountry "ARG"]
[SourceTitle "CBM 173 Extra"]
[Source "ChessBase"]
[SourceDate "2016.08.29"]
[SourceVersion "1"]
[SourceVersionDate "2016.08.29"]
[SourceQuality "1"]

1. d4 Nf6 2. c4 g6 3. Nf3 Bg7 4. g3 0-0 5. Bg2 d6 6. 0-0 Nbd7 7. Nc3 e5 8. e3 c6 9. b3 Re8 10. Ba3 e4 11. Nd2 d5 12. Bd6 Nf8 13. c5 Bg4 14. Qc1 Qd7 15. Re1 Bh3 16. Bh1 Ng4 17. f3 exf3 18. Nxf3 Bh6 19. Bf4 Ne6 20. Bxh6 Nxh6 21. e4 Ng4 22. exd5 cxd5 23. Ne5 Nxe5 24. Rxe5 Nxd4 25. Rxd5 Qg4 26. Qd1 Ne2+ 27. Nxe2 Rxe2 28. Rd8+ Rxd8 29. Qxd8+ Kg7 30. Qd3 Qb4 31. Bf3 Re1+ 0-1